00832nam a22001935i 4500001000700000003000900007005001700016008004100033020001800074080003900092245015300131260008200284300002700366651005300393700002800446852002200474999001900496952012300515176752ES-MaACL20230906220155.0110207s1990 sp |||| | spa d a84-600-7398-X a94(460.27 Alcalá de Henares)"16"00aAnnales complutenses b: sucesión de tiempos desde los primeros fundadores griegos hasta estos nuestros que corren / cedición de Carlos Sáez. aAlcalá de Henares : bInstitución de Estudios Complutenses (CSIC),c1990. a679, [6] p. ; c24 cm. 4aAlcalá de Henares-xHistoria-yS.XVII.91450670 aSáez, Carlos.9101348 aES-MaACLjE-14212 c176752d176752 00104070aATENEOMbATENEOMcDEPO2d2011-02-07eDONl0oE-14212p1185644r2023-02-23 00:00:00w2023-02-23yMONOGRAFIA